000
00233nam a2200097Ia 4500
001
719455
005
20250826163043.0
008
250824s9999 xx 000 0 und d
245
0
_a
ÖNCE EKMEK
_c
ORHAN KEMAL
260
_b
EVEREST YAYINLARI
999
_c
719455
_d
719455